| 000 | 00735cab a2200241 4500 | ||
|---|---|---|---|
| 001 | WB3205-15 | ||
| 008 | 090401t1996 xxu||||| |||| 00| 0 eng d | ||
| 035 | _a(Sirsi) u14078 | ||
| 041 | _aeng | ||
| 245 | _aProperty lending ratios | ||
| 260 | _c1996 | ||
| 350 | _a0 | ||
| 490 |
_aEstates Gazette _v(9604) 27 January 1996, 61(1) |
||
| 520 | _aThe European Commission is considering proposals to bring bank lending to property into line throughout the EU. | ||
| 650 | _aBANK LENDING | ||
| 650 | _aEUROPEAN LAW | ||
| 650 | _aHARMONISATION | ||
| 650 | _aPROPERTY LENDING | ||
| 650 | _aSOLVENCY RATIOS | ||
| 690 | _aPROPERTY-COMMERCIAL PROPERTY-COMMERCIAL PROPERTY FINANCE AND INVESTMENT | ||
| 942 | _n0 | ||
| 948 | _c04/03/1997 | ||
| 999 |
_c9128 _d9128 |
||